| 000 | 00466nam a2200157 i 4500 | ||
|---|---|---|---|
| 001 | 55625 | ||
| 003 | ES-MaACL | ||
| 005 | 20230906163201.0 | ||
| 007 | t| | ||
| 008 | 030924s1919 fr ||||1| fre d | ||
| 100 | 1 |
_aDeslinières, Lucien. _943893 |
|
| 245 | 1 | 0 |
_aComment se réalisera de socialisme / _cLucien Deslinères. |
| 260 |
_aParis : _b[s.n.], _c1919 ( _eVilleneuve : _fImp. Coopérative ouvriere) |
||
| 300 |
_a70 p. ; _c19 cm. |
||
| 852 |
_aES-MaACL _jF-10319 |
||
| 999 |
_c55625 _d55625 |
||